1003 1067 1590 1453 1928 1639 1459 1051 1600 1860 1587 1105 1505 1780 1180 1814 1934 1734 1803 1889 1736 1458 1911 1106 1795 1289 1487 1791 1047 1903 1389 1413 1598 1846 1332 1130 1260 1263 1098 1681 1335 1275 1365 1815 1636 1641 1434 1346 1199 1433 1926 1600 1151 1357 1233 1143 1008 1392 1484 1786 1924 1144 1479 1390 1683 1210 1386 1795 1674 1788 1189 1476 1349 1571 1074 1954 1783 1356 1589 1941 1570 1880 1962 1493 1826 1543 1211 1213 1888 1395 1140 1961 1447 1184 1064 1307 1277 1590 1862 BCNSPRNW ULIB Ver.6.0+V

เปลี่ยนเป็นภาษาไทย

Change to English
 แสดงรายละเอียดบรรณานุกรม
  กลับหน้าหลัก

Brief Record : Get Marc (ISO 2709) : E-mail record : QR code < ปิดหน้าต่าง
LEADER : 00000nam 2200000uu 4500
001    13399120652
003     ULIB
008    121002s2551||||th 000 0 tha d
020    ^a9789740321347
050 04 ^aBF576^bว848ช
100 0  ^aวีระวัฒน์ ปันนิตามัย
245 10 ^aเชาวน์อารมณ์ =^bEmotional quotient - EQ :^bดัชนีเพื่อความสุขและความสำเร็จของชีวิต ฉบับปรับปรุงเพิ่มAQ และ MQ /^cวีระวัฒน์ ปันนิตามัย
246 14 ^aเชาวน์อารมณ์ (EQ) :^bดัชนีเพื่อความสุขและความสำเร็จของชีวิต ฉบับปรับปรุงเพิ่มAQ และ MQ
246 30 ^aดัชนีเพื่อความสุขและความสำเร็จของชีวิต
246 31 ^aEmotional quotient - EQ
250    ^aพิมพ์ครั้งที่ 7 (ฉบับปรับปรุง)
260    ^aกรุงเทพฯ :^bสำนักพิมพ์แห่งจุฬาลงกรณ์มหาวิทยาลัย,^c2551
300    ^a401 หน้า ;^c21 ซม.
650  7 ^aความฉลาดทางอารมณ์
650  7 ^aเชาวน์
650  7 ^aอารมณ์
945    ^p190^l0^i15346
945    ^p190^l0^i15347
995    ^aวิภา
999 ^a ใช้งานได้ทุกระบบ
รายการนี้ยังไม่มีแท็ก
คุณยังไม่ได้ล็อกอิน คุณสามารถมีกิจกรรมร่วมกับเว็บไซต์ได้ แต่ต้องล็อกอินก่อน ::
  ล็อกอิน

รายการสื่อสารสนเทศ

ลำดับที่ ประเภท เลขเรียก/บาร์โค้ด สถานที่ สถานะ
1. วิทยาศาสตร์การแพทย์ และสุขภาพ
วิทยาศาสตร์การแพทย์ และสุขภาพ
BF576 ว848ช  
  Barcode: 15346
ห้องสมุดวิทยาเขตสวรรค์ประชารักษ์
►หนังสือทั่วไป
บนชั้น
2. วิทยาศาสตร์การแพทย์ และสุขภาพ
วิทยาศาสตร์การแพทย์ และสุขภาพ
BF576 ว848ช ฉ.2 
  Barcode: 15347
ห้องสมุดวิทยาเขตสวรรค์ประชารักษ์
►หนังสือทั่วไป
บนชั้น

รายการใกล้เคียง
    ผู้แต่ง [วีระวัฒน์ ปันนิตามัย]

    หัวเรื่อง [ความฉลาดทางอารมณ์]
    หัวเรื่อง [เชาวน์]
    หัวเรื่อง [อารมณ์]

BibComment


ยังไม่เคยถูกคอมเมนท์

คอมเมนท์ทรัพยากรรายการนี้
  คอมเมนท์: เชาวน์อารมณ์ Em..


 Copyright 2026. Bcnsprnw @Library